000 00687nam a2200241 a 4500
001 BRL_371
005 20190320210717.0
008 050813s1982----mx-a######---#000-0#spa-#
020 _a9688051578
041 _aspa
044 _amx
050 4 _aF1219.5
_b.A58 1982
245 1 0 _aAntiguas presentaciones del maíz.
260 _aMéxico
_bAGN
_c1982
300 _a89 p.
_bil.
_c21 cm.
440 0 _aSerie de información gráfica
_923689
500 _aAu357
650 1 4 _aIndígenas de México
_xLenguas
_xEscritura
_xMaíz
_923690
650 1 4 _aMaíz
_xAspectos sociales
_zMéxico
_923691
710 2 _aArchivo General de la Nación (México)
_99882
902 _aGRL
942 _2lcc
_cB
999 _c9184
_d9184